| 000 | 00549nam a2200133Ia 4500 | ||
|---|---|---|---|
| 008 | 160809s9999 xx 000 0 und d | ||
| 100 | _aBoudjema, Sophia. | ||
| 245 | _aHand Hygiene Analyzed by Video Recording | ||
| 245 | _cSophia Boudjema, Pauline Reynier, Jean Charles Dufour, Olga Florea, Philippe Patouraux, Patrick Peretti-Watel and Philippe Brouqui. | ||
| 260 | _bJournal of Nursing and Care | ||
| 260 | _cApril 2016 | ||
| 650 | _xNURSING | ||
| 856 | _uhttp://www.omicsgroup.org/journals/ArchiveJNC/previousissue-nursing-care-open-access.php | ||
| 999 |
_c300170 _d300170 |
||